000 01105cam a2200301 a 4500
001 12177297
003 PILC
005 20150708103549.0
008 000918s2001 mauab b 001 0 eng
010 _a 00048681
020 _a0072398035 (pbk.)
040 _aDLC
_cDLC
_dDLC
050 0 0 _aQA 76.5
_b.W721 2001
082 0 0 _a004
100 1 _aWilliams, Brian K.,
_d1938-
245 1 0 _aUsing information technology :
_ba practical introduction to computers & communications : complete version /
_cBrian K. Williams, Stacey C. Sawyer.
250 _a4th ed.
260 _aBoston :
_bMcGraw-Hill,
_c2001.
300 _axxix, 482 p. :
_billustrations (some color) ;
_c28 cm.
500 _aIncludes bibliographical references and index.
650 0 _aComputers.
650 0 _aTelecommunication systems.
650 0 _aInformation technology.
700 1 _aSawyer, Stacey C.
906 _a7
_bcbc
_corignew
_d1
_eocip
_f20
_gy-gencatlg
942 _2lcc
_cBK
999 _c288292
_d288292